Statistics for SHL Cup Standings

Click here to take the quiz!

General Stats

  • This quiz has been taken 202 times
  • The average score is 7 of 10

Answer Stats

Cups WonTeam% Correct
16Djurgården
93%
4Frölunda
92%
9Färjestad
88%
13Brynäs
87%
5HV71
84%
3Skellefteå
81%
1Växjö
77%
2Malmö
74%
8Hammarby
35%
7Södertälje
31%

Score Distribution

Percentile by Number Answered

Percent of People with Each Score

Your Score History

You have not taken this quiz